Η περιβαλλοντική πολιτική της Ευρωπαϊκής Ένωσης από τη δεκαετία του 1980 με ιδιαίτερη έμφαση στις αρχές και στα προγράμματα της αειφόρου αγροτικής πολιτικής : μια αναλυτική επισκόπηση και εκτίμηση της ευρωπαϊκής αγροτικής πολιτικής : διπλωματική διατριβή

Η διαχρονική πορεία της Περιβαλλοντικής Πολιτικής στην Ευρωπαϊκή Ένωση από την σκοπιά της αειφορικής ανάπτυξης. Τα προγράμματα της Αειφορικής Πολιτικής που εφαρμόστηκαν για την ανάπτυξη της γεωργίας με ιδιαίτερη ανάλυση των αποτελεσμάτων και των προβλημάτων που δημιούργησαν....

Πλήρης περιγραφή

Αποθηκεύτηκε σε:
Λεπτομέρειες βιβλιογραφικής εγγραφής
Κύριος συγγραφέας: Πανάγος, Νικόλαος Ευστ
Συγγραφή απο Οργανισμό/Αρχή: Πανεπιστήμιο Αιγαίου Σχολή Κοινωνικών Επιστημών Τμήμα Κοινωνιολογίας Μεταπτυχιακό Πρόγραμμα Σπουδών Πόλη και Περιβάλλον: Εφαρμοσμένη και Κλινική Κοινωνιολογία
Άλλοι συγγραφείς: Χάιντεράιχ, Ελισάβετ (dgsf [Επιβλέπουσα καθηγήτρια])
Μορφή: Thesis Βιβλίο
Γλώσσα:Greek
Δημοσίευση: 2013.
Θέματα:
Διαθέσιμο Online:http://hdl.handle.net/11610/11792
Ετικέτες: Προσθήκη ετικέτας
Δεν υπάρχουν, Καταχωρήστε ετικέτα πρώτοι!

MARC

LEADER 00000cam a2200000 a 4500
001 1/107779
008 150804s2013####gr a ||| |||| ||gre||
040 |a GR-MyUa  |b gre  |c GR-MyUa  |e AACR2 
041 0 |a gre 
082 7 |a 338.18   |2 (23)  
100 1 |a Πανάγος, Νικόλαος Ευστ. 
245 1 2 |a Η περιβαλλοντική πολιτική της Ευρωπαϊκής Ένωσης από τη δεκαετία του 1980 με ιδιαίτερη έμφαση στις αρχές και στα προγράμματα της αειφόρου αγροτικής πολιτικής :   |b μια αναλυτική επισκόπηση και εκτίμηση της ευρωπαϊκής αγροτικής πολιτικής : διπλωματική διατριβή /   |c Πανάγος Νικόλαος ; επιβλέπουσα καθηγήτρια Ελισάβετ Χάιντεράιχ.  
260 |c 2013.  
300 |a 125 σ. :   |b εικ. ;   |c 29 εκ.  
500 |a Τριμελής επιτροπή Ελισάβετ Χάιντεράιχ, Κωνσταντίνος Ρόντος, Νικόλαος Ναγόπουλος.  
502 |a Διατριβή (μεταπτυχιακή) – Πανεπιστήμιο Αιγαίου, Λέσβος, 2013. 
504 |a Βιβλιογραφία: σ.109-125.  
506 1 |a Διάθεση μόνο λέξεων κλειδιών-περιλήψεων (για το ηλεκτρονικό τεκμήριο).  
520 8 |a Η διαχρονική πορεία της Περιβαλλοντικής Πολιτικής στην Ευρωπαϊκή Ένωση από την σκοπιά της αειφορικής ανάπτυξης. Τα προγράμματα της Αειφορικής Πολιτικής που εφαρμόστηκαν για την ανάπτυξη της γεωργίας με ιδιαίτερη ανάλυση των αποτελεσμάτων και των προβλημάτων που δημιούργησαν.  
650 0 |a Agriculture  |x Environmental aspects  |x Government policy  |z European Union countries. 
650 0 |a Environmental policy  |z European Union countries. 
700 1 |a Χάιντεράιχ, Ελισάβετ,  |e dgsf [Επιβλέπουσα καθηγήτρια] 
710 2 |a Πανεπιστήμιο Αιγαίου  |b Σχολή Κοινωνικών Επιστημών  |b Τμήμα Κοινωνιολογίας  |b Μεταπτυχιακό Πρόγραμμα Σπουδών Πόλη και Περιβάλλον: Εφαρμοσμένη και Κλινική Κοινωνιολογία. 
852 |a INST  |b LESVOS  |c DIATR  |e 20150804  |h 41  |p 005100056681  |q 005100056681  |t MTXE  |y 23 
852 |a INST  |b LESVOS  |c DIATR  |e 20150804  |h 42  |p 005100056683  |q 005100056683  |t MTXE  |y 23 
856 |u http://hdl.handle.net/11610/11792 
924 |a Πανάγος   |b Νικόλαος  |y Λέσβος  |z 2015-06 
970 |a Πατσή   |b Ανθίππη  |z 04-08-2015